000 03240nam0a2200433 4500
001 RU\NLR\BIBL_A\012564688
005 20211028163008.0
010 _a978-5-7845-0628-3
_950
021 _aRU
_bКН-П-21-012743
_9КН-П-21-1031
035 _a(NLR Aleph) 012564688
090 _a12471589
_c12471589
100 _a20210715d2019 k y0rusy50 ca
101 0 _arus
_deng
102 _aRU
105 _ay z 100zy
181 0 _ai
_baxxe
182 0 _an
200 1 _aСоветский конституционализм 1918-1925 гг.: доктрины, институты и репрезентации
_eматериалы круглого стола
_eсборник докладов
_fРоссийский фонд фундаментальных исследований, Отделение гуманитарных и общественных наук, Уральский государственный юридический университет, Научно-образовательный центр изучения проблем теории и истории государства и права
_gответственный редактор: К. С. Коровин
203 _aТекст
_bвизуальный
_cнепосредственный
210 _aЕкатеринбург
_cРаритет
_cУральский государственный юридический университет
_d2019
215 _a58 с.
_d30
225 1 _aПроект научного исследования "Советский конституционализм: доктринальное, юридическое и символическое измерения"
300 _aЗагл. обл.: Советский конституционализм 1918-1925 гг.
300 _aРез. англ.
320 _aБиблиогр. в конце ст. и в подстроч. примеч.
512 1 _aСоветский конституционализм 1918-1925 гг.
606 1 _aКонституционное право
_jСъезды, совещания и т.п
_xИстория
_yРоссия
_92368647
_3RU\NLR\AUTH\6601635837
606 1 _aКонституционное право
_jСъезды, совещания и т.п
_yСССР
_91446456
_3RU\NLR\AUTH\66612537
686 1 _aХ620я431
686 1 _aХ809(2)я431
702 1 _aКоровин
_bК. С.
_gКонстантин Сергеевич
_4340
711 1 2 _a"Советский конституционализм (1918-1925 гг.): доктрины, институты и репрезентаци", круглый стол
_eЕкатеринбург
_f2019
_9759589
_3RU\NLR\AUTH\880547295
712 0 2 _4570
_aРоссийский фонд фундаментальных исследований
_bОтделение гуманитарных и общественных наук
_9593684
_3RU\NLR\AUTH\880465661
942 _cBOOK
980 _aNBR
980 _aNB